Sartre : romantic rationalist

Αποθηκεύτηκε σε:
Λεπτομέρειες βιβλιογραφικής εγγραφής
Κύριος συγγραφέας: Murdoch, Iris
Μορφή: Βιβλίο
Γλώσσα:English
Δημοσίευση: New Haven : Yale University Press, 1959
Σειρά:Studies in modern European literature and thought
Θέματα:
Ετικέτες: Προσθήκη ετικέτας
Δεν υπάρχουν, Καταχωρήστε ετικέτα πρώτοι!

MARC

LEADER 00000cam a2200000 i 4500
001 1/22314
008 120806s1959 eng d
035 |l 10113035 
040 |a GR-MY-UA  |b gre  |e aacr 
041 0 |a eng 
082 0 |a 194  |2 (22) 
100 1 |a Murdoch, Iris. 
245 1 0 |a Sartre :  |b romantic rationalist /  |c by Iris Murdoch 
260 |a New Haven :   |b Yale University Press,   |c 1959 
300 |a x, 114, [2] σ.;  |c 21 εκ. 
490 1 |a Studies in modern European literature and thought 
600 1 0 |a Sartre, Jean-Paul,   |d 1905-1980. 
650 0 0 |a Existentialism. 
830 0 |a Studies in modern European literature and thought 
852 |a INST  |b LESVOS  |e 20120806  |h 194 MUR  |p 005100052120  |q 005100052120  |t BK  |y 0 
901 |a BIBL1-2012-2 
909 |a Λ  |b 176152 
970 |a ΤΖΑΦΕΡΗ  |b ΕΥΑΓΓΕΛΙΑ  |z 2012/08/06